Alexander Graham Bell (Record no. 9200)
[ view plain ]
| 000 -LEADER | |
|---|---|
| fixed length control field | 00707nam a22002177a 4500 |
| 003 - CONTROL NUMBER IDENTIFIER | |
| control field | OSt |
| 005 - DATE AND TIME OF LATEST TRANSACTION | |
| control field | 20140310182101.0 |
| 008 - FIXED-LENGTH DATA ELEMENTS--GENERAL INFORMATION | |
| fixed length control field | 130823t xxu||||| |||| 00| 0 eng d |
| 020 ## - INTERNATIONAL STANDARD BOOK NUMBER | |
| International Standard Book Number | 9780195099089 |
| 050 ## - LIBRARY OF CONGRESS CALL NUMBER | |
| Classification number | TK 6143.B4 |
| Item number | .P38 1996 |
| 082 ## - DEWEY DECIMAL CLASSIFICATION NUMBER | |
| Classification number | HS 621.385.'092 |
| Item number | B4P38 1996 |
| 100 ## - MAIN ENTRY--PERSONAL NAME | |
| Personal name | Pasachoff, Naomi E. |
| 9 (RLIN) | 12789 |
| 245 ## - TITLE STATEMENT | |
| Title | Alexander Graham Bell |
| Remainder of title | making connections |
| Statement of responsibility, etc | Pasachoff, Naomi E. |
| 260 ## - PUBLICATION, DISTRIBUTION, ETC. (IMPRINT) | |
| Place of publication, distribution, etc | New York : |
| Name of publisher, distributor, etc | Oxford University Press, |
| Date of publication, distribution, etc | 1996. |
| 300 ## - PHYSICAL DESCRIPTION | |
| Extent | 141 p. : |
| Other physical details | ill. ; |
| Dimensions | 24 cm. |
| 600 ## - SUBJECT ADDED ENTRY--PERSONAL NAME | |
| Personal name | Naomi E. Pasachoff |
| 9 (RLIN) | 12790 |
| 650 ## - SUBJECT ADDED ENTRY--TOPICAL TERM | |
| Topical term or geographic name as entry element | Bell, Alexander Graham, 1847-1822 |
| General subdivision | juvenile Literature |
| 9 (RLIN) | 12791 |
| 650 ## - SUBJECT ADDED ENTRY--TOPICAL TERM | |
| Topical term or geographic name as entry element | Investors |
| General subdivision | United States |
| 9 (RLIN) | 12792 |
| 942 ## - ADDED ENTRY ELEMENTS (KOHA) | |
| Source of classification or shelving scheme | Library of Congress Classification |
| Koha item type | |
| Withdrawn status | Lost status | Source of classification or shelving scheme | Damaged status | Home library | Current library | Shelving location | Date acquired | Total Checkouts | Full call number | Barcode | Date last seen | Copy number | Price effective from | Koha item type |
|---|---|---|---|---|---|---|---|---|---|---|---|---|---|---|
| Library of Congress Classification | Luxembourg Library | Luxembourg Library | 08/23/2013 | TK 6143.B4 .P38 1996 | 7770 | 08/23/2013 | 1 | 08/23/2013 | Books |